000 00468nam a2200157 a 4500
001 000034449
005 20200930073715.0
008 111004s1967 ag 000 0 spa d
040 _aDO-SdBNP
_bspa
_cBNPHU
082 _axxx
_bR436n
100 1 _aRest, Jaime
_934106
245 1 3 _aLa novela tradicional /
_cJaime Rest.
260 _aBuenos Aires, Argentina :
_bCentro Editor de América Latina,
_c1967.
300 _a58 p. ;
_c20 cm.
504 _aBibliografĂ­a : p. 52-58
999 _c33940
_d33940